000 00430nam a22001457a 4500
003 OSt
005 20250821164032.0
008 250821b |||||||| |||| 00| 0 eng d
040 _cSVYASA
100 _aNeha Yadav
_91120
245 _aImpact of yogic lifestyle on homesickness, nomophobia, and mental health in first year residential college students.
260 _aBangaluru
_bSvyasa
_c2025
300 _a54 p.
942 _2ddc
_cD
_n0
999 _c20713
_d20713